D'indret a comarca - Statistics

General Stats
  • This quiz has been taken 25 times
  • The average score is 10 of 23
Answer Stats
Hint Answer % Correct
Cap de Creus Alt Empordà
83%
Monestir de Montserrat Bages
75%
Illes Medes Baix Empordà
67%
Sant Climent de Taüll Alta Ribagorça
58%
Park Güell Barcelonès
58%
Pedraforca Berguedà
58%
Port Aventura Tarragonès
58%
Monestir de Poblet Conca de Barberà
50%
Volcà de Santa Margarida Garrotxa
50%
Naveta d'es Tudons Menorca
50%
Pantà de Sau Osona
50%
Palmerar d'Elx Baix Vinalopó
42%
Pica d'Estats Pallars Sobirà
42%
Catedral de la Seu Palma
42%
Torres de Serrans València
42%
Canigó Conflent
33%
Pont de la Princesa Gironès
33%
Albufera Horta Sud
33%
Palau dels Reis de Mallorca Rosselló
33%
Cova Tallada Marina Alta
25%
Aneto Baixa Ribagorça
17%
Edifici Intempo Marina Baixa
17%
Desert de les Palmes Plana Alta
17%
No matching quizzes found
Score Distribution
Percent of People with Each Score
Percentile by Number Answered
Your Score History
You have not taken this quiz